Una casa habitación del siglo XVIII en la ciudad de México (Record no. 8826)

MARC details
000 -CABECERA
campo de control de longitud fija 01023nam a2200277 a 4500
001 - NÚMERO DE CONTROL
campo de control BRL_13
005 - FECHA Y HORA DE LA ÚLTIMA TRANSACCIÓN
campo de control 20190320210542.0
008 - DATOS DE LONGITUD FIJA--INFORMACIÓN GENERAL
campo de control de longitud fija 860813s1939 mx-#######---#000-0#spa-#
041 ## - CÓDIGO DE LENGUA
Código de lengua del texto/banda sonora o título independiente spa
044 ## - CÓDIGO DEL PAÍS DE LA ENTIDAD EDITORA/PRODUCTORA
Código MARC del país mx
050 #4 - SIGNATURA TOPOGRÁFICA DE LA BIBLIOTECA DEL CONGRESO
Número de clasificación NA7515.M4
Número de documento/Ítem .C37 1939
245 10 - MENCIÓN DE TÍTULO
Título Una casa habitación del siglo XVIII en la ciudad de México
Mención de responsabilidad, etc. Alberto Le Duc, Roberto Álvarez Espinosa, Jorge Enciso.
260 ## - PUBLICACIÓN, DISTRIBUCIÓN, ETC.
Lugar de publicación, distribución, etc. México
Nombre del editor, distribuidor, etc. SEP : INAH, Dirección de Monumentos Coloniales
Fecha de publicación, distribución, etc. 1939
300 ## - DESCRIPCIÓN FÍSICA
Extensión 71 p.
Otras características físicas il. (algunas a color), 5 hojas plegables, 6 láminas a color
Dimensiones 24 cm.
500 ## - NOTA GENERAL
Nota general Ejemplar intonso
500 ## - NOTA GENERAL
Nota general Au67
650 14 - PUNTO DE ACCESO ADICIONAL DE MATERIA--TÉRMINO DE MATERIA
Término de materia o nombre geográfico como elemento de entrada Arquitectura doméstica
Subdivisión cronológica Siglo XVIII
Subdivisión geográfica México
9 (RLIN) 22651
650 14 - PUNTO DE ACCESO ADICIONAL DE MATERIA--TÉRMINO DE MATERIA
Término de materia o nombre geográfico como elemento de entrada Arquitectura
Subdivisión cronológica Siglo XVIII
Subdivisión geográfica Ciudad de México
9 (RLIN) 22652
650 14 - PUNTO DE ACCESO ADICIONAL DE MATERIA--TÉRMINO DE MATERIA
Término de materia o nombre geográfico como elemento de entrada Arquitectura colonial
9 (RLIN) 7560
651 #4 - PUNTO DE ACCESO ADICIONAL DE MATERIA--NOMBRE GEOGRÁFICO
Nombre geográfico Ciudad de México
Subdivisión general Casas históricas
9 (RLIN) 22653
700 1# - PUNTO DE ACCESO ADICIONAL--NOMBRE DE PERSONA
Nombre de persona Duc, Alberto Le
Término indicativo de función/relación coaut.
9 (RLIN) 22654
700 1# - PUNTO DE ACCESO ADICIONAL--NOMBRE DE PERSONA
Nombre de persona Álvarez Espinosa, Roberto
Término indicativo de función/relación coaut.
9 (RLIN) 5570
700 1# - PUNTO DE ACCESO ADICIONAL--NOMBRE DE PERSONA
Nombre de persona Enciso, Jorge
Término indicativo de función/relación coaut.
9 (RLIN) 22655
902 ## - CATALOGADOR
Iniciales GRL
942 ## - ELEMENTOS DE PUNTO DE ACCESO ADICIONAL (KOHA)
Fuente del sistema de clasificación o colocación Library of Congress Classification
Tipo de ítem Koha Libros
Holdings
Estado de retiro Estado de pérdida Estado dañado No para préstamo Localización permanente Ubicación/localización actual Fecha de adquisición Número de inventario Total de préstamos Signatura topográfica completa Código de barras Fecha visto por última vez Precio válido a partir de Tipo de ítem Koha
El ejemplar forma parte de la colección y puede ser consultado según las políticas vigentes.       Biblioteca Centro de Estudios Ruth D. Lechuga Biblioteca Centro de Estudios Ruth D. Lechuga 25/09/2012 Au67   NA7515.M4 .C37 1939 (Au67) GRL00014 22/03/2019 22/03/2019 Libros